| 000 | 01495nam a2200325 a 4500 | ||
|---|---|---|---|
| 001 | |||
| 003 | DO-SdBNP | ||
| 005 | 20210819093200.0 | ||
| 008 | 081124s1976 dr abc 000 0 spa d | ||
| 040 |
_aDO-SdBNP _bspa _cBPMSU |
||
| 041 | 1 | 7 |
_aspa _2fre |
| 082 |
_a972.9304 _bG958d 1976 _222 |
||
| 100 | 1 | _aGuillermin, Gilbert | |
| 245 | 1 | 0 |
_aDiario histórico : _bguerra domínico-francesa de 1808 / _cGilbert Guillermin ; traducido del francés Armando Rodríguez. |
| 260 |
_aSanto Domingo : _bSanto Domingo, _c1976. |
||
| 300 |
_a287 p. : _bil., mapa., retrs. ; _c23 cm. |
||
| 490 | 0 |
_aSociedad Dominicana de Bibliofilos; _aCultura dominicana |
|
| 500 | _aIncluye portada de la primera edición en francés publicada en: París: Chez Arthus Bertrand, 1811. | ||
| 500 | _aIncluye una hoja plegable, con el plano de la parte oriental de Santo Domingo de 1808 | ||
| 500 | _aIncluye referencias bibliográficas y notas al pie de las páginas | ||
| 534 |
_aTítulo original : _tPrecis historique: des derniers événemens de la partie de L'est de Saint-Domingue _c París: Chez Arthus Bertrand, 1811. _b |
||
| 590 | _aInventariado, 2021/VM | ||
| 600 | 1 | 4 |
_aGuillermin, Gilbert _xCorrespondencia, memorias, etc. |
| 651 | 4 |
_aRepública Dominicana _xHistoria _yGobierno colonial francés 1795-1809 |
|
| 651 | 4 |
_aRepública Dominicana _xHistoria _y1809-1822 |
|
| 700 | 1 |
_aRodríguez, Armando, _etr. |
|
| 710 | 2 | _aSociedad Dominicana de Bibliófilos. | |
| 910 | _aVMateo V. | ||
| 942 |
_2ddc _cBK |
||
| 999 |
_c13667 _d13667 |
||